Modern land law (Record no. 7679)

MARC details
000 -LEADER
fixed length control field 00473nam a2200181Ia 4500
008 - FIXED-LENGTH DATA ELEMENTS--GENERAL INFORMATION
fixed length control field 230917s9999||||xx |||||||||||||| ||und||
020 ## - ISBN
Price GBP 36.99 (RS 3707.88)
040 ## - CATALOGING SOURCE
-- 5009894
Original cataloging agency VIVEKANANDA LIBRARY
041 ## - Language
-- English
082 ## - DDC NUMBER
Classification number 346.0432 D643M(12)
100 ## - MAIN ENTRY--PERSONAL NAME
Personal name Dixon, Martin
245 #0 - TITLE STATEMENT
Title Modern land law
250 ## - EDITION STATEMENT
Edition statement 12th ed.
260 ## - PUBLICATION, DISTRIBUTION, ETC. (IMPRINT)
Place of publication, distribution, etc Oxon
Name of publisher, distributor, etc Routledge
Date of publication, distribution, etc 2021
300 ## - PHYSICAL DESCRIPTION
Pages xxxix, 506 p.
500 ## - GENERAL NOTE
General note 4882 22/12/2022 PBA22/393 22/12/2022 Main Budget
942 ## - ADDED ENTRY ELEMENTS (KOHA)
Koha item type Books
Holdings
Withdrawn status Lost status Damaged status Not for loan Location (home branch) Sublocation or collection (holding branch) Date acquired Koha issues (times borrowed) Koha full call number Accession No. Koha date last seen Koha item type
        VIVEKANANDA LIBRARY VIVEKANANDA LIBRARY 16/01/2023   346.0432 D643M(12) 405966 17/09/2023 Books
© Designed and Maintained by Vivekananda Library, MDU Rohtak